| 000 | 00724nam a2200205Ia 4500 | ||
|---|---|---|---|
| 003 | GCL | ||
| 008 | 140319s9999 xx 000 0 ara d | ||
| 040 |
_aGCL / _cGCL |
||
| 082 | 0 | 4 |
_a001.43 _bا ا |
| 100 | 1 | _aاحمد عبدالمنعم حسن | |
| 245 | 1 | 0 |
_aاصول البحث العلمى: المنهج العلمى واساليب كتابة البحوث والرسائل العلمية / _cاحمد عبدالمنعم حسن |
| 490 |
_aالهيئة العامة للاستعلامات _v0 |
||
| 650 | 0 | 4 | _aطرق البحث |
| 650 | 0 | 4 | _aالبحوث |
| 650 | 0 | 4 | _aالبحث |
| 650 | 0 | 4 | _aالرسائل الجامعية |
| 650 | 0 | 4 | _aالمسح العلمى |
| 650 | 0 | 4 | _aالاطروحات |
| 942 |
_2ddc _cBK |
||
| 999 |
_c48194 _d48194 |
||